Geography Quiz

Random Geography or World Quiz

Isogram Blitz: World Rivers Quiz Stats

 Plays Quiz Updated Mar 21, 2019

Score 0/8 Timer 00:30
0 Plays Today
% Correct
???
89.6%
???
88.9%
???
81.3%
???
79.6%
???
78.5%
???
72.6%
???
69.3%
???
64.6%

You're not logged in!

Compare scores with friends on all Sporcle quizzes.
OR
Log In

Show Comments

Extras

Top Quizzes Today


Score Distribution

Your Account Isn't Verified!

In order to create a playlist on Sporcle, you need to verify the email address you used during registration. Go to your Sporcle Settings to finish the process.

Report this User

Report this user for behavior that violates our Community Guidelines.

Details: